Constitutional Legal Rights Of Women In India (Record no. 25439)

MARC details
000 -LEADER
fixed length control field 00441nam a2200169Ia 4500
008 - FIXED-LENGTH DATA ELEMENTS--GENERAL INFORMATION
fixed length control field 220531s9999 xx 000 0 und d
041 ## - LANGUAGE CODE
Language code of text/sound track or separate title eng
082 ## - DEWEY DECIMAL CLASSIFICATION NUMBER
Item number RED
100 ## - MAIN ENTRY--PERSONAL NAME
Personal name Reddy, Santha
9 (RLIN) 42696
245 ## - TITLE STATEMENT
Title Constitutional Legal Rights Of Women In India
260 ## - PUBLICATION, DISTRIBUTION, ETC. (IMPRINT)
Name of publisher, distributor, etc. Vivekanand kendra Maratha prakashan
Date of publication, distribution, etc. 1995
300 ## - PHYSICAL DESCRIPTION
Extent 20
542 ## - INFORMATION RELATING TO COPYRIGHT STATUS
Copyright holder 08-09-2000
650 ## - SUBJECT ADDED ENTRY--TOPICAL TERM
Topical term or geographic name as entry element General
9 (RLIN) 42697
906 ## - LOCAL DATA ELEMENT F, LDF (RLIN)
d 2000-2001
Holdings
Withdrawn status Lost status Source of classification or shelving scheme Damaged status Not for loan Home library Current library Date acquired Vendor Cost, normal purchase price Total Checkouts Total Holds Full call number Barcode Date last seen Bill Date Koha item type Original Barcode
    Dewey Decimal Classification     Shri Siddhivinayak Mahila Mahavidyalaya Shri Siddhivinayak Mahila Mahavidyalaya 08/09/2000 Sahakar wardhika 8.00   1 /RED/B/6425 SSMM-BK-6425 06/08/2022 06/08/2022 Books 010006425